Look before you leap (Record no. 80022)

MARC details
000 -LEADER
fixed length control field 00944cab a22002175a 4500
001 - CONTROL NUMBER
control field L143024
008 - FIXED-LENGTH DATA ELEMENTS--GENERAL INFORMATION
fixed length control field 080319e20080328xxk f 000 0 eng d
035 ## - SYSTEM CONTROL NUMBER
System control number (Sirsi) u143024
041 0# - LANGUAGE CODE
Language code of text/sound track or separate title eng
100 1# - MAIN ENTRY--PERSONAL NAME
Personal name Judge, Anthony
245 00 - TITLE STATEMENT
Title Look before you leap
260 ## - PUBLICATION, DISTRIBUTION, ETC.
Date of publication, distribution, etc. 2008
490 #0 - SERIES STATEMENT
Series statement New Law Journal
Volume/sequential designation (7314) 28 March 2008, 432-433(2)
520 ## - SUMMARY, ETC.
Summary, etc. Offers practical advice to insolvency purchasers when dealing with insolvency related sales. Considers: the purchase contract; the validity of appointment; pre-contract enquiries; leasehold property; location of documents; tax considerations and the approval of mortgage. Recommends that a buyer should not simply accept a statement from an insolvency purchaser that information is not available.
590 ## - LOCAL NOTE (RLIN)
Local note KA
650 24 - SUBJECT ADDED ENTRY--TOPICAL TERM
Topical term or geographic name entry element INSOLVENCY ACT 1986
650 24 - SUBJECT ADDED ENTRY--TOPICAL TERM
Topical term or geographic name entry element COMPANIES ACT 1985
651 #4 - SUBJECT ADDED ENTRY--GEOGRAPHIC NAME
Geographic name England and Wales
Chronological subdivision 1543-
690 ## - LOCAL SUBJECT ADDED ENTRY--TOPICAL TERM (OCLC, RLIN)
Topical term or geographic name as entry element MANAGEMENT-CORPORATE RECOVERY
942 ## - ADDED ENTRY ELEMENTS (KOHA)
Suppress in OPAC 0
Holdings
Withdrawn status Lost status Source of classification or shelving scheme Damaged status Not for loan Home library Current library Shelving location Date acquired Total Checkouts Full call number Barcode Date last seen Copy number Price effective from Koha item type
    Dewey Decimal Classification     London London Journal article 02/04/2008   L143024 143024-1001 06/08/2019 1 06/08/2019 Journal article